Sports Quiz

Random Sports or City Quiz

Home Game Cities Quiz Stats

 Plays Quiz Updated Oct 9, 2018

Challenge
Share
Tweet
Embed
Score 0/20 Timer 06:00
0 Plays Today
Team City % Correct
Arizona Diamondbacks (MLB)Phoenix, AZ
82%
Colorado Rockies (MLB) Colorado Avalanche (NHL)Denver, CO
76.8%
Utah Jazz (NBA)Salt Lake City, UT
76.8%
Minnesota Twins (MLB) Minnesota Vikings (NFL) Minnesota Timberwolves (NBA)Minneapolis, MN
75%
Tennessee Titans (NFL)Nashville, TN
70.3%
Minnesota Wild (NHL)St. Paul, MN
65.5%
New England Patriots (NFL)Foxborough, MA
60.4%
Dallas Cowboys (NFL) Texas Rangers (MLB)Arlington, TX
58.6%
Carolina Panthers (NFL)Charlotte, NC
54.2%
Golden State Warriors (NBA)Oakland, CA
53.8%
Team City % Correct
Carolina Hurricanes (NHL)Raleigh, NC
51.9%
N.Y. Giants (NFL) N.Y. Jets (NFL)East Rutherford, NJ
48.2%
New Jersey Devils (NHL)Newark, NJ
47.1%
Detroit Pistons (NBA)Auburn Hills, MI
44.4%
Arizona Cardinals (NFL) Phoenix Coyotes (NHL)Glendale, AZ
34.7%
Washington Redskins (NFL)Landover, MD
22.9%
Buffalo Bills (NFL)Orchard Park, NY
22.6%
San Francisco 49ers (NFL)Santa Clara, CA
11.7%
Florida Panthers (NHL)Sunrise, FL
11.3%
Miami Dolphins (NFL)Miami Gardens, FL
10%

You're not logged in!

Compare scores with friends on all Sporcle quizzes.
OR
Log In

You Might Also Like...

Show Comments

Extras

Top Quizzes Today


Score Distribution

Your Account Isn't Verified!

In order to create a playlist on Sporcle, you need to verify the email address you used during registration. Go to your Sporcle Settings to finish the process.

Report this User

Report this user for behavior that violates our Community Guidelines.

Details: